Blue lock RIVALS Flows to Character - Statistics

General Stats
  • This quiz has been taken 628 times
  • The average score is 15 of 16
Answer Stats
Hint Answer % Correct
Puzzle Isagi
100%
Monster Bachira
98%
Kings Instinct King
98%
Trap Nagi
97%
Chameleon Reo
97%
Genius Sae
96%
Awakened Genius Sae
96%
Wildcard Kunigami
95%
Prodigy Rin
95%
Ice Hiori
93%
Demon wings Shidou
93%
Snake Aiku
92%
Crow Karasu
91%
Soul harvester Don Lorenzo
83%
Dribbler Yukimiya
81%
Gale burst Chigiri
78%
No matching quizzes found
Score Distribution
Percent of People with Each Score
Percentile by Number Answered
Your Score History
You have not taken this quiz